00414 a2200157 4500003000400000005001700004008004100021020001800062040000900080082002000089100002600109245005700135250001200192260004200204300001000246OSt20231214092336.0231213b |||||||| |||| 00| 0 eng d a9789355491510 coclc a894.8128bPRI/M aPriyadarsanan, Sreeja aMalayala Vyakarana Paadangal /cSreeja Priyadarsanan a1st ed. aKozhikode:bMathrubhumi Books,c2021. a168p.